QCM : Géographie - Statistiques

Statistiques générales
  • Ce quiz a été pris 93 fois
  • Le résultat moyen est 9 sur 15
Statistiques - réponses
Question Réponse % Correct
Laquelle de ces ville n'est pas une capitale de pays ? Cracovie
87%
Lequel de ces pays ne contient pas de désert ? Grèce
80%
Quelle est la plus peuplé de ces villes ? Lagos
80%
Lequel de ces pays a le point le plus haut ? Chine
73%
Lequel de ces pays n'est pas frontalier de la Jordanie ? Liban
73%
Dans quelle région du monde se situe le Bahreïn ? Moyen-Orient
73%
Quel est le pays le plus densément peuplé ( hors villes-états ) ? Bangladesh
67%
Quelle est la capitale du Timor oriental ? Dili
67%
Lequel de ces pays n'a pas sa capitale du même nom ? Aucun
60%
Lequel de ces pays n'est pas dans l'UE ? Moldavie
60%
A la frontière de quels pays passe le fleuve Amour ? Chine et Russie
47%
Laquelle de ces ville n'est pas cotière ? Vilnius
47%
Lequel de ces pays est enclavé ? Laos
40%
Lequel de ces pays est le plus septentrional ? Mauritanie
33%
Lequel de ces lacs est le plus grand ? Lac Virginia
13%
Aucun quiz correspondant
Distribution des résultats
% des personnes avec chaque résultat
Percentile par nombre de réponses
Votre historique - résultats
Vous n’avez pas pris ce quiz